Best Actor Oscar Nominees (No Hint Version) - Statistics

General Stats
  • This quiz has been taken 2,813 times
    2,530 since last reset
  • The average score is 270 of 432
Answer Stats
Year Actor % Correct
1976 | 1978 | 1980 | +2 others Robert De Niro
93%
1973 | 1974 | 1975 | +2 others Al Pacino
92%
2004 | 2006 | 2013 | 2015 Leonardo DiCaprio
92%
1951 | 1952 | 1953 | +4 others Marlon Brando
92%
1988 | 1993 | 1994 | +2 others Tom Hanks
91%
1970 | 1973 | 1974 | +5 others Jack Nicholson
89%
1992 | 1999 | 2001 | 2012 Denzel Washington
88%
2008 | 2011 Brad Pitt
87%
1993 Daniel Day-Lewis
87%
1967 | 1969 | 1974 | +4 others Dustin Hoffman
87%
1997 | 2015 Matt Damon
87%
1989 | 1996 Tom Cruise
86%
1989 | 1994 | 2009 Morgan Freeman
85%
2005 Philip Seymour Hoffman
85%
1958 | 1961 | 1963 | +5 others Paul Newman
83%
1973 Robert Redford
83%
1991 | 1993 | 1995 Anthony Hopkins
82%
2012 | 2014 Bradley Cooper
82%
1939 | 1940 | 1946 | +2 others James Stewart
82%
1936 | 1941 | 1942 | +2 others Gary Cooper
81%
1934 | 1935 | 1939 Clark Gable
80%
2000 Ed Harris
80%
1930/1931 Jackie Cooper
80%
1987 Michael Douglas
80%
1963 | 1990 Richard Harris
80%
2007 | 2009 | 2011 George Clooney
79%
1943 | 1951 | 1954 Humphrey Bogart
79%
1949 | 1952 | 1956 Kirk Douglas
79%
1941 | 1944 Cary Grant
78%
1985 Harrison Ford
78%
1970 Melvyn Douglas
78%
1958 | 1963 Sidney Poitier
78%
2001 | 2006 Will Smith
78%
1970 James Earl Jones
77%
1939 | 1940 | 1956 | +4 others Laurence Olivier
77%
1987 | 1989 | 1991 Robin Williams
77%
1992 | 2004 Clint Eastwood
76%
1989 | 2002 | 2007 | 2012 Daniel Day-Lewis
76%
1971 | 1988 Gene Hackman
76%
1940 | 1981 Henry Fonda
76%
1949 | 1969 John Wayne
76%
1946 | 1948 Lawrence Olivier
76%
1945 | 1946 | 1947 | +2 others Gregory Peck
75%
1997 Peter Fonda
75%
1962 | 1964 | 1968 | +5 others Peter O'Toole
75%
1999 | 2000 | 2001 Russell Crowe
75%
1995 | 1999 | 2001 | +2 others Sean Penn
75%
1984 | 2009 | 2010 Jeff Bridges
74%
2003 | 2004 | 2007 Johnny Depp
74%
1936 | 1937 | 1938 | +6 others Spencer Tracy
74%
1959 | 1960 | 1962 | +4 others Jack Lemmon
73%
2004 Jamie Foxx
73%
2013 Christian Bale
72%
1990 Kevin Costner
72%
1966 | 1972 | 1983 | 2002 Michael Caine
72%
1953 | 1964 | 1965 | +3 others Richard Burton
72%
1982 | 2003 Ben Kingsley
70%
2009 | 2010 Colin Firth
70%
1959 Charlton Heston
69%
2014 | 2015 Eddie Redmayne
69%
1955 | 1956 James Dean
69%
1999 Kevin Spacey
69%
1995 | 2002 Nicolas Cage
69%
1980 | 1983 | 1997 Robert Duvall
69%
1953 | 1960 | 1962 | 1981 Burt Lancaster
68%
2006 Forest Whitaker
68%
2014 Michael Keaton
68%
2005 Heath Ledger
67%
1980 John Hurt
67%
1985 | 1986 | 1987 William Hurt
67%
1993 Liam Neeson
66%
1976 Sylvester Stallone
66%
1970 | 1971 George C. Scott
65%
1938 | 1942 | 1955 James Cagney
65%
2000 | 2010 Javier Bardem
65%
1977 | 1994 John Travolta
65%
1963 | 1964 Rex Harrison
65%
1952 | 1957 Alec Guinness
64%
1955 Frank Sinatra
64%
1969 | 1978 | 1985 Jon Voight
64%
2013 Matthew McConaughey
64%
1940 Charles Chaplin
63%
1996 | 2000 Geoffrey Rush
63%
1996 Ralph Fiennes
63%
1992 Robert Downey, Jr
62%
1950 | 1953 | 1976 William Holden
62%
1984 F. Murray Abraham
61%
1945 Gene Kelly
61%
1998 Ian McKellen
61%
2005 | 2012 Joaquin Phoenix
61%
2002 Adrien Brody
60%
2012 Hugh Jackman
60%
1990 Jeremy Irons
60%
1977 Woody Allen
60%
1958 David Niven
59%
1998 Edward Norton
59%
2003 Jude Law
59%
1977 | 1995 Richard Dreyfuss
59%
1965 | 1967 Rod Steiger
59%
2006 Ryan Gosling
59%
1930/1931 Lionel Barrymore
58%
1967 | 1978 | 1981 | 1991 Warren Beatty
58%
2014 Benedict Cumberbatch
57%
1981 Dudley Moore
57%
2011 Jean Dujardin
57%
2003 Bill Murray
56%
2011 Gary Oldman
56%
2015 Michael Fassbender
56%
1941 Orson Welles
56%
1966 Steve McQueen
56%
1944 | 1945 | 1954 Bing Crosby
55%
1955 Ernest Borgnine
55%
1948 | 1951 | 1953 Montgomery Clift
55%
1971 | 1976 Peter Finch
55%
1998 Roberto Benigni
55%
1956 Rock Hudson
55%
1971 | 1975 Walter Matthau
55%
1956 Yul Brynner
54%
1932/1933 | 1938 Leslie Howard
53%
2005 Terrence Howard
53%
1960 Trevor Howard
53%
1963 | 1974 | 1983 | 1984 Albert Finney
52%
1957 | 1964 Anthony Quinn
52%
1968 Cliff Robertson
52%
1965 Lee Marvin
52%
1991 | 1998 Nick Nolte
52%
1928/1929 | 1932/1933 | 1935 | +3 others Paul Muni
52%
1964 | 1979 Peter Sellers
52%
1958 Tony Curtis
52%
1932/1933 | 1935 | 1957 Charles Laughton
51%
1961 | 1975 Maximilian Schell
50%
2007 Viggo Mortensen
50%
1966 | 1968 Alan Arkin
49%
1966 Paul Scofield
49%
1974 Art Carney
48%
1930/1931 | 1931/1932 | 1937 | +2 others Fredric March
48%
2015 Bryan Cranston
47%
2004 Don Cheadle
47%
1939 | 1943 Mickey Rooney
46%
1927/1928 Emil Jannings
45%
1990 Gérard Depardieu
45%
1993 Laurence Fishburne
45%
2014 Steve Carell
45%
1996 Woody Harrelson
45%
2013 Bruce Dern
44%
2008 Mickey Rourke
44%
1945 Ray Milland
44%
1984 Tom Hulce
44%
1936 | 1941 Walter Huston
44%
1949 Broderick Crawford
43%
1986 James Woods
43%
1952 José Ferrer
43%
1950 Jose Ferrer
43%
1989 Kenneth Branagh
43%
1929/1930 | 1942 | 1947 Ronald Colman
43%
1970 Ryan O'Neal
43%
2010 James Franco
42%
1986 Bob Hoskins
41%
2013 Chiwetel Ejiofor
41%
1985 James Garner
41%
1954 James Mason
41%
2009 Jeremy Renner
41%
1938 | 1939 Robert Donat
41%
1979 Roy Scheider
41%
1928/1929 Warner Baxter
41%
1929/1930 George Arliss
40%
1988 Max von Sydow
40%
1996 Billy Bob Thornton
39%
2010 Jesse Eisenberg
39%
1962 | 1977 | 1987 Marcello Mastroianni
39%
1947 John Garfield
38%
1943 Paul Lukas
38%
1929/1930 | 1931/1932 Wallace Beery
38%
1934 | 1936 | 1947 William Powell
38%
1968 Alan Bates
37%
1951 Arthur Kennedy
37%
1992 Stephen Rea
37%
1983 Tom Courtenay
37%
2001 Tom Wilkinson
37%
1937 | 1938 | 1944 | 1961 Charles Boyer
36%
1978 Gary Busey
36%
1935 Victor McLaglen
36%
1929/1930 Maurice Chevalier
35%
1947 Michael Redgrave
35%
1994 Nigel Hawthorne
35%
1942 | 1943 Walter Pidgeon
35%
2005 David Strathairn
34%
1988 Edward James Olmos
34%
2008 Frank Langella
34%
1937 | 1941 Robert Montgomery
34%
1983 Tom Conti
34%
1971 Topol
34%
1945 Cornel Wilde
33%
2011 Demian Bichir
33%
1944 Barry Fitzgerald
32%
1986 Dexter Gordon
32%
1934 Frank Morgan
32%
1984 Sam Waterston
32%
1999 Richard Farnsworth
31%
2008 Richard Jenkins
31%
1968 Ron Moody
31%
2007 Tommy Lee Jones
31%
1976 Giancarlo Giannini
30%
1975 James Whitmore
30%
1995 Massimo Troisi
30%
1972 Paul Winfield
28%
1961 Stuart Whitman
28%
1948 Clifton Webb
27%
1928/1929 George Bancroft
27%
1940 Raymond Massey
27%
1931/1932 Alfred Lunt
26%
1928/1929 Lewis Stone
26%
1949 Richard Todd
26%
1959 Laurence Harvey
25%
1948 Lew Ayres
25%
1927/1928 Richard Barthelmess
25%
1944 Alexander Knox
24%
1928/1929 Chester Morris
24%
1935 Franchot Tone
24%
1954 Dan O'Herlihy
23%
1946 Larry Parks
23%
1942 Monty Woolley
23%
1930/1931 Richard Dix
23%
1957 Anthony Franciosa
22%
1965 Oskar Werner
22%
1948 Dan Dailey
21%
1930/1931 Adolphe Menjou
20%
1929/1930 Lawrence Tibbett
20%
1950 Louis Calhern
18%
No matching quizzes found
Score Distribution
Percent of People with Each Score
Percentile by Number Answered
Your Score History
You have not taken this quiz since the last reset